000
00221nam a22001097a 4500
082
_a
006.6AMM
100
_a
Ammeraal
245
_a
computer graphics for the IBM PC
260
_a
N.Y
_c
1987
300
_a
141
942
_c
BK
999
_c
14041
_d
14041